000
00283nam a22001337a 4500
008
170403b xxu||||| |||| 00| 0 eng d
020
_a
9781841953571
041
_a
eng
080
_a
574
100
_a
9
101
_a
SHM
245
_a
RISING TIDES
_c
SPOWERS, R
942
_2
udc
_c
BK
999
_c
9511
_d
9511